000
00324nam a2200121Ia 4500
008
210430s9999 xx 000 0 und d
082
_a
301 B482 I
100
_a
Alvin L Bertrand
245
_a
Basic Sociology
_c
Alvin L Bertrand
260
_a
Islamabad
_b
National Book Foundation
_c
1967
300
_a
452p.
942
_c
BK
_2
ddc
999
_c
565510
_d
565510